Holacracy <the> revolutionary management system that abolishes hierarchy

Guardado en:
Detalles Bibliográficos
Autor principal: Robertson, Brian J.
Formato: Libro
Lenguaje:inglés
Publicado: London Portfolio Penguin 2016
Materias:
Etiquetas: Agregar Etiqueta
Sin Etiquetas, Sea el primero en etiquetar este registro!

MARC

LEADER 00000nam a2200000 4500
001 0222568
005 20221207093534.5
020 |a 978-0-241-20586-0 
041 0 |a eng 
044 |a GB 
245 1 0 |a Holacracy  |b <the> revolutionary management system that abolishes hierarchy  |c Brian J. Robertson 
264 1 |a London  |b Portfolio Penguin  |c 2016 
300 |a ix, 223 s. 
610 2 0 |a riadenie 
610 2 0 |a systémy riadenia 
610 2 0 |a autorita 
610 2 0 |a štruktúra podniku organizačná 
100 1 |a Robertson, Brian J.